LEADER 01576nam0 22003733i 450 001 VAN0268336 005 20240314035603.249 017 70$2N$a9781475739718 100 $a20231204d1980 |0itac50 ba 101 $aeng 102 $aUS 105 $a|||| ||||| 200 1 $aElementary analysis$ethe theory of calculus$fKenneth A. Ross 210 $aNew York$cSpringer$d1980 215 $aviii, 264 p.$cill.$d25 cm 410 1$1001VAN0024019$12001 $aUndergraduate texts in mathematics$1210 $aBerlin [etc.]$cSpringer 500 1$3VAN0253095$aElementary analysis : the theory of calculus$92997070 606 $a26-XX$xReal functions [MSC 2020]$3VANC019778$2MF 610 $aCalculus$9KW:K 610 $aDifferential calculus$9KW:K 610 $aDifferential equations$9KW:K 610 $aElementary Analysis$9KW:K 610 $aIntegral calculus$9KW:K 620 $aUS$dNew York$3VANL000011 700 1$aRoss$bKenneth A.$3VANV041252$041192 712 $aSpringer $3VANV108073$4650 801 $aIT$bSOL$c20240614$gRICA 856 4 $uhttps://doi.org/10.1007/978-1-4757-3971-8$zE-book ? Accesso al full-text attraverso riconoscimento IP di Ateneo, proxy e/o Shibboleth 899 $aBIBLIOTECA DEL DIPARTIMENTO DI MATEMATICA E FISICA$1IT-CE0120$2VAN08 912 $fN 912 $aVAN0268336 950 $aBIBLIOTECA DEL DIPARTIMENTO DI MATEMATICA E FISICA$d08CONS e-book 7481 $e08eMF7481 20231211 996 $aElementary analysis : the theory of calculus$92997070 997 $aUNICAMPANIA LEADER 01952nam0 2200445 i 450 001 VAN00102883 005 20240806100721.640 017 70$2N$a978-1-4939-0005-3 100 $a20151012d2014 |0itac50 ba 101 $aeng 102 $aUS 105 $a|||| ||||| 200 1 $aStatistical inference on residual life$fJong-Hyeon Jeong 210 $aNew York$cSpringer$d2014 215 $aXI, 201 p.$cill.$d24 cm 410 1$1001VAN00102850$12001 $aStatistics for biology and health$1210 $aBerlin [etc.]$cSpringer$d1997- 500 1$3VAN00239804$aStatistical inference on residual life$91410716 606 $a60K10$xApplications of renewal theory (reliability, demand theory, etc.) [MSC 2020]$3VANC029272$2MF 606 $a62Nxx$xSurvival analysis and censored data [MSC 2020]$3VANC027776$2MF 606 $a62P10$xApplications of statistics to biology and medical sciences; meta analysis [MSC 2020]$3VANC024649$2MF 610 $aBiostatistics$9KW:K 610 $aClinical Trials$9KW:K 610 $aCompeting risks$9KW:K 610 $aEmpirical Likelihood$9KW:K 610 $aMean (Quantile) Residual Life$9KW:K 610 $aMean Residual Life$9KW:K 610 $aReliability theory$9KW:K 610 $aStatistics$9KW:K 610 $aSurvival analysis$9KW:K 620 $aUS$dNew York$3VANL000011 700 1$aJeong$bJong-Hyeon$3VANV080297$0721702 712 $aSpringer $3VANV108073$4650 801 $aIT$bSOL$c20250606$gRICA 856 4 $uhttp://dx.doi.org/10.1007/978-1-4939-0005-3$zE-book ? Accesso al full-text attraverso riconoscimento IP di Ateneo, proxy e/o Shibboleth 899 $aBIBLIOTECA CENTRO DI SERVIZIO SBA$2VAN15 912 $fN 912 $aVAN00102883 950 $aBIBLIOTECA CENTRO DI SERVIZIO SBA$d15CONS SBA EBOOK 4606 $e15EB 4606 20191106 996 $aStatistical inference on residual life$91410716 997 $aUNICAMPANIA